| 000 | 00511nam a22001577a 4500 | ||
|---|---|---|---|
| 008 | 230602b |||||||| |||| 00| 0 eng d | ||
| 020 | _a92-1-006004-0 | ||
| 040 |
_aNational Science Library _cNational Science Library |
||
| 080 |
_aR 31:66/69](035) _bM6 |
||
| 245 |
_aHandbook book of industrial statistics 1986 _c/ UNIDO |
||
| 260 |
_aVienna: _bUnited Nations Industrial Development Organization, _c1986 |
||
| 300 | _aix, 444p. | ||
| 650 | _aStatistics | ||
| 653 | _aManufacturing | ||
| 942 |
_2udc _cHDK |
||
| 999 |
_c38623 _d38623 |
||